Les corps malmenés : Anorexie, boulimie, obésité (notice n° 1566776)

détails MARC
000 -LEADER
fixed length control field 01607cam a2200133 4500500
005 - DATE AND TIME OF LATEST TRANSACTION
control field 20251214002158.0
041 ## - LANGUAGE CODE
Language code of text/sound track or separate title fre
042 ## - AUTHENTICATION CODE
Authentication code dc
100 10 - MAIN ENTRY--PERSONAL NAME
Personal name Peuteuil, Pierre
Relator term author
245 00 - TITLE STATEMENT
Title Les corps malmenés : Anorexie, boulimie, obésité
260 ## - PUBLICATION, DISTRIBUTION, ETC.
Name of publisher, distributor, etc. Armand Colin,<br/>
Date of publication, distribution, etc. 2014.<br/>
520 ## - SUMMARY, ETC.
Summary, etc. Anorexie, boulimie, surpoids, obésité, une véritable épidémie de troubles alimentaires a gagné les sociétés modernes. De quoi ces pathologies sont-elles révélatrices ? À l’évidence indicatrices d’une perte des repères nutritionnels, seraient-elles aussi annonciatrices d’une possible modification en devenir du morphotype humain ? Au-delà des descriptions cliniques de chacune de ces affections, ce sont les similitudes qui les rassemblent que l’auteur, appuyé sur son expérience clinique, révèle. Le rôle de la nourriture d’abord, aux fins de privation mortifiante ou de gavage. Mais aussi et peut-être surtout le corps lui-même, pris en otage par l’anorexique, dictateur de la boulimique, victime expiatoire d’on ne sait trop quel crime chez l’obèse. Pierre Peuteuil nous invite à un autre regard, synthétique, sur les déviances alimentaires et les dérives pondérales. Insistant sur la spécificité individuelle de ces odyssées corporelles, aussi tragiques les unes que les autres, ce livre se veut exposition de la problématique, mais également invitation à réflexion sur les raisons multiples des échecs comme des succès thérapeutiques.
856 41 - ELECTRONIC LOCATION AND ACCESS
Uniform Resource Identifier <a href="https://stm.cairn.info/les-corps-malmenes--9782200283186?lang=fr&redirect-ssocas=7080">https://stm.cairn.info/les-corps-malmenes--9782200283186?lang=fr&redirect-ssocas=7080</a>

Pas d'exemplaire disponible.

PLUDOC

PLUDOC est la plateforme unique et centralisée de gestion des bibliothèques physiques et numériques de Guinée administré par le CEDUST. Elle est la plus grande base de données de ressources documentaires pour les Étudiants, Enseignants chercheurs et Chercheurs de Guinée.

Adresse

627 919 101/664 919 101

25 boulevard du commerce
Kaloum, Conakry, Guinée

Réseaux sociaux

Powered by Netsen Group @ 2025